[Event "Provence-ch 0506"]
[Site "Provence"]
[Date "2005.11.05"]
[Round "1"]
[White "Jean, Claude"]
[Black "Rosso, Marco"]
[Result "1/2-1/2"]
[WhiteElo "2202"]
[BlackElo "1949"]
[PlyCount "109"]
[EventDate "2005.11.05"]
[EventType "tourn"]
[EventRounds "9"]
[EventCountry "FRA"]
[SourceTitle "EXT 2007"]
[Source "ChessBase"]
[SourceDate "2006.11.23"]
[SourceVersion "1"]
[SourceVersionDate "2006.11.23"]
[SourceQuality "1"]

1. e4 Nf6 2. e5 Nd5 3. d4 d6 4. c4 Nb6 5. exd6 cxd6 6. Nc3 g6 7. Nf3 Bg7 8. h3 0-0 9. Be3 Nc6 10. Qd2 d5 11. c5 Nc4 12. Bxc4 dxc4 13. 0-0 Bf5 14. b3 cxb3 15. axb3 Qd7 16. Rfd1 Rfd8 17. d5 Ne5 18. Nxe5 Bxe5 19. f4 Bf6 20. Rac1 Rac8 21. b4 a6 22. Bd4 Bxd4+ 23. Qxd4 h5 24. Qe5 Re8 25. Qe2 Qc7 26. Qc4 Qd7 27. Qd4 Red8 28. Qe3 Re8 29. Qf2 Red8 30. Rd2 Qc7 31. Na4 Rd6 32. Rcd1 Rf6 33. Nb6 Rxb6 34. cxb6 Qd6 35. Qd4 Bd7 36. Re1 Bb5 37. Qe3 Qxb4 38. Rd4 Qc5 39. Re4 Qxd5 40. Re5 Qa2 41. Rc5 Rxc5 42. Qxc5 Bc6 43. Qf2 Qa3 44. Qe3 Qb2 45. Re2 Qb1+ 46. Kh2 e6 47. Qd4 Bd5 48. Rb2 Qc1 49. Qf2 Qc3 50. Rc2 Qf6 51. Qe3 Kg7 52. Qd2 Kh7 53. Rc8 h4 54. Qb4 a5 55. Qd2 1/2-1/2

[Event "Balatonlelle op-B"]
[Site "Balatonlelle "]
[Date "2005.06.22"]
[Round "5"]
[White "Gyulai, Laszlo"]
[Black "Rosso, Marco"]
[Result "1/2-1/2"]
[WhiteElo "2079"]
[BlackElo "1958"]
[PlyCount "84"]
[EventDate "2005.06.18"]
[EventType "swiss"]
[EventRounds "9"]
[EventCountry "HUN"]
[SourceTitle "EXT 2008"]
[Source "ChessBase"]
[SourceDate "2007.11.25"]
[SourceVersion "1"]
[SourceVersionDate "2007.11.25"]
[SourceQuality "1"]

1. e4 d6 2. d4 Nf6 3. f3 g6 4. Be3 c6 5. c4 Nbd7 6. Nc3 a6 7. a4 b6 8. Bd3 e5 9. Nge2 Bb7 10. h3 h5 11. Qd2 exd4 12. Nxd4 Bg7 13. Bg5 Ne5 14. Be2 c5 15. Nc2 Qc7 16. Rd1 Rd8 17. f4 Nc6 18. Nd5 Nxd5 19. Bxd8 Qxd8 20. exd5 Qh4+ 21. Kf1 Nd4 22. Qe3+ Kd7 23. Nxd4 Bxd4 24. Rxd4 cxd4 25. Qxd4 Re8 26. Qf2 Qf6 27. Bd3 Kc7 28. g3 a5 29. Kg2 Bc8 30. Rf1 Bf5 31. Rd1 Bd7 32. b3 Bf5 33. Rd2 Re7 34. Bxf5 Qxf5 35. Re2 Re4 36. Qe1 Rxe2+ 37. Qxe2 Kd7 38. Qe3 Qc2+ 39. Kf3 Qd1+ 40. Kf2 Qc2+ 41. Ke1 Qb1+ 42. Kf2 Qc2+ 1/2-1/2

[Event "Balatonlelle op-B"]
[Site "Balatonlelle "]
[Date "2005.06.21"]
[Round "4"]
[White "Rosso, Marco"]
[Black "Breitenfellner, Gerhard"]
[Result "1-0"]
[WhiteElo "1958"]
[BlackElo "1770"]
[PlyCount "79"]
[EventDate "2005.06.18"]
[EventType "swiss"]
[EventRounds "9"]
[EventCountry "HUN"]
[SourceTitle "EXT 2008"]
[Source "ChessBase"]
[SourceDate "2007.11.25"]
[SourceVersion "1"]
[SourceVersionDate "2007.11.25"]
[SourceQuality "1"]

1. d4 d5 2. c4 e6 3. Nc3 c6 4. e3 Nf6 5. Nf3 Bd6 6. Qc2 Nbd7 7. Bd3 0-0 8. 0-0 dxc4 9. Bxc4 e5 10. Rd1 Qe7 11. Bd3 Re8 12. Bf5 g6 13. dxe5 Nxe5 14. Bxc8 Nxf3+ 15. gxf3 Raxc8 16. Ne2 Rcd8 17. Bd2 Qe6 18. Bc3 Nd5 19. Kg2 Be5 20. Bxe5 Qxe5 21. f4 Qh5 22. Ng3 Qg4 23. h3 Qe6 24. Rd4 f5 25. Rad1 h5 26. h4 Rd7 27. Ne2 Rde7 28. Nc3 Rd7 29. Nxd5 Rxd5 30. Rxd5 cxd5 31. Qb3 Qe4+ 32. Kg3 Rd8 33. Qxb7 Qc4 34. Qe7 Qe2 35. Qxd8+ Kg7 36. Qxd5 Qg4+ 37. Kh2 Qxh4+ 38. Kg1 Qg4+ 39. Kf1 h4 40. Qe5+ 1-0

[Event "Ivrea op 11th"]
[Site "Ivrea"]
[Date "2005.05.28"]
[Round "3"]
[White "Avetta, Gianmario"]
[Black "Rosso, Marco"]
[Result "0-1"]
[WhiteElo "1649"]
[BlackElo "1958"]
[PlyCount "84"]
[EventDate "2005.05.27"]
[EventType "swiss"]
[EventRounds "5"]
[EventCountry "ITA"]
[SourceTitle "EXT 2008"]
[Source "ChessBase"]
[SourceDate "2007.11.25"]
[SourceVersion "1"]
[SourceVersionDate "2007.11.25"]
[SourceQuality "1"]

1. d4 d5 2. c4 c6 3. Nf3 Nf6 4. e3 Bf5 5. cxd5 cxd5 6. Bd3 Bxd3 7. Qxd3 e6 8. Bd2 Bd6 9. Nc3 Nc6 10. 0-0 0-0 11. Nb5 Bb8 12. Rfc1 a6 13. Na3 Ne4 14. Be1 Bd6 15. Rc2 Bb4 16. Qb3 Bxe1 17. Rxe1 Qd7 18. Rec1 Rfc8 19. Nb1 h6 20. Nbd2 Nd6 21. a3 Na5 22. Qb4 Nac4 23. Nxc4 Nxc4 24. Nd2 b5 25. Nb3 a5 26. Qe1 Qe8 27. Nc5 e5 28. Qc3 e4 29. Qb3 Rc7 30. Qa2 a4 31. Rc3 Rca7 32. R1c2 Qd8 33. h3 Qg5 34. b3 axb3 35. Nxb3 Rxa3 36. Nc1 Rxa2 37. Nxa2 Qh5 38. Nb4 Ra4 39. Nc6 b4 40. Rxc4 dxc4 41. Rxc4 Ra1+ 42. Kh2 Qe2 0-1

[Event "Provence-ch"]
[Site "Provence"]
[Date "2002.??.??"]
[Round "5"]
[White "Saez, Jean Michel"]
[Black "Rosso, Marco"]
[Result "1/2-1/2"]
[WhiteElo "1790"]
[BlackElo "1950"]
[PlyCount "57"]
[EventDate "2001.09.08"]
[EventType "tourn"]
[EventRounds "9"]
[EventCountry "FRA"]
[SourceTitle "EXT 2005"]
[Source "ChessBase"]
[SourceDate "2004.11.15"]
[SourceVersion "1"]
[SourceVersionDate "2004.11.15"]
[SourceQuality "1"]

1. d4 d5 2. c4 c6 3. Nf3 Nf6 4. Nc3 e6 5. e3 Nbd7 6. Bd3 Bd6 7. cxd5 exd5 8. 0-0 0-0 9. Re1 Re8 10. e4 dxe4 11. Nxe4 Nxe4 12. Bxe4 Nf6 13. Bg5 Be6 14. d5 cxd5 15. Bxd5 Bxd5 16. Rxe8+ Qxe8 17. Bxf6 Bxf3 18. Qxd6 gxf6 19. Qg3+ Kh8 20. Qxf3 Qe7 21. g3 Rc8 22. Kf1 Rc5 23. Re1 Re5 24. Rc1 Kg7 25. h4 Qd7 26. b3 a5 27. Kg2 b5 28. Rc6 f5 29. Qc3 1/2-1/2